NFL Week 3 Biggest Blowouts - Statistics

General Stats
  • This quiz has been taken 24 times
  • The average score is 7 of 10
Answer Stats
Score Answer % Correct
36-20 New England Patriots
82%
36-9 New York Giants
76%
36-7 New York Jets
76%
28-10 Denver Broncos
71%
36-7 Indianapolis Colts
71%
36-9 San Francisco 49ers
71%
31-13 Jacksonville Jaguars
59%
36-20 Las Vegas Raiders
59%
31-13 Miami Dolphins
59%
28-10 Tampa Bay Buccaneers
59%
No matching quizzes found
Score Distribution
Percent of People with Each Score
Percentile by Number Answered
Your Score History
You have not taken this quiz